| 000 -LEADER |
| fixed length control field |
00642cam a22001697i 4500 |
| 020 ## - INTERNATIONAL STANDARD BOOK NUMBER |
| ISBN |
9789995052591 |
| 040 ## - CATALOGING SOURCE |
| Transcribing agency |
DLC |
| 082 ## - DEWEY DECIMAL CLASSIFICATION NUMBER |
| Classification number |
338 CDR 2011 C153 Or. |
| 100 0# - MAIN ENTRY--AUTHOR NAME |
| Personal name |
Jhāt Sʹrāṅ, |
| 245 12 - TITLE STATEMENT |
| Title |
A baseline survey of sub-national government : |
| Remainder of title |
towards a better understanding of decentralisation and deconcentration in Cambodia / |
| 300 ## - PHYSICAL DESCRIPTION |
| Number of Pages |
1 online resource (xii, 72 pages) : |
| Other physical details |
PDF |
| 490 0# - SERIES STATEMENT |
| Series statement |
Special report ; |
| 500 ## - GENERAL NOTE |
| General note |
"December 2011." |
| 710 2# - ADDED ENTRY--CORPORATE NAME |
| Corporate name or jurisdiction name as entry element |
Vidyāsthān Paṇṭuḥ Paṇṭāl niṅ Srāvjrāv ṭoempī Qabhivaḍḍhn ̊Kambujā. |
| 856 41 - ELECTRONIC LOCATION AND ACCESS |
| Uniform Resource Identifier |
https://hdl.loc.gov/loc.gdc/gdcovop.2013341198 |
| 942 ## - ADDED ENTRY ELEMENTS (KOHA) |
| Koha item type |
ADB |
| 952 ## - LOCATION AND ITEM INFORMATION (KOHA) |
| Withdrawn status [LOCAL, KOHA] |
0 |